| 000 | 00812nam a22002777a 4500 | ||
|---|---|---|---|
| 003 | PE SENCICO BE | ||
| 005 | 20251020182634.0 | ||
| 008 | 230329b |||||||| |||| 00| 0 eng d | ||
| 040 |
_aPE SENCICO BE _cPE SENCICO BE |
||
| 041 | _aspa | ||
| 082 |
_a985.012 _bA45 |
||
| 100 | 1 |
_9836 _aAlva, Walter _eautor |
|
| 245 | 1 |
_aSipan / _cWalter Alva |
|
| 250 | _a[1a ed.] | ||
| 260 |
_aLima : _bCervecería Backus y Johnston, _c1994 |
||
| 300 |
_axxiv, 331 p. : _bil. col., lams. _c29 cm. |
||
| 440 |
_9837 _aColección cultura y artes del Perú |
||
| 504 | _aBibliografía: p. 323-325. | ||
| 650 | 1 | 4 |
_9659 _aCulturas precolombinas |
| 650 | 2 | 4 |
_9660 _aCulturas prehispánicas |
| 650 | 2 | 4 |
_9838 _aCultura Sipán |
| 650 | 2 | 4 |
_9707 _aHistoria |
| 651 | 1 | 0 |
_9661 _aPerú |
| 910 |
_bhfp _chfp |
||
| 942 |
_2ddc _cLIB |
||
| 999 |
_c4076 _d4076 |
||